2-Word Movie Pictograms Quiz Stats

Quiz Updated Mar 16, 2015

Challenge
Share
Tweet
Score 0/16 Timer 05:00
4 Plays Today
% Correct
Napoleon Dynamite
91.7%
Office Space
87.3%
Sunset Boulevard
87.2%
Phone Booth
86.4%
Sleepy Hollow
85.6%
Peter Pan
85.5%
Robin Hood
81%
Tourist Trap
79.5%
% Correct
Blade Runner
76.9%
Cape Fear
72.4%
Rear Window
69.6%
Home Alone
63.4%
City Slickers
58.4%
National Treasure
54.9%
Spy Kids
37.1%
Toy Story
33.7%

You're not logged in!

Compare scores with friends on all Sporcle quizzes.
Sign Up with Email
OR
Log In

You Might Also Like...

Show Comments

Extras

Top Quizzes Today


Score Distribution

Your Account Isn't Verified!

In order to create a playlist on Sporcle, you need to verify the email address you used during registration. Go to your Sporcle Settings to finish the process.